Motívy zakladania onshore a offshore spoločností slovenskými podnikmi v roku 2014
Hlavné motívy zakladania spoločnosti v onshore a off shore jurisdikciách. Prehľad hlavných motívov zakladania onshore a off shore spoločností. Motívy zakladania onshore a off shore spoločností slovenskými podnikmi v roku 2014.
Salvato in:
| Autore principale: | |
|---|---|
| Altri autori: | , |
| Natura: | Capitolo di libro |
| Lingua: | slovacco |
| Soggetti: | |
| Tags: |
Nessun Tag, puoi essere il primo ad aggiungerne!!
|
MARC
| LEADER | 00000nla a2200000 4500 | ||
|---|---|---|---|
| 001 | 0230156 | ||
| 005 | 20220323101201.6 | ||
| 041 | 0 | |a slo | |
| 044 | |a CZ | ||
| 245 | 1 | 0 | |a Motívy zakladania onshore a offshore spoločností slovenskými podnikmi v roku 2014 |c Peter Krištofík, Michal Ištok, Gabriela Nedelová |
| 520 | |a Hlavné motívy zakladania spoločnosti v onshore a off shore jurisdikciách. Prehľad hlavných motívov zakladania onshore a off shore spoločností. Motívy zakladania onshore a off shore spoločností slovenskými podnikmi v roku 2014. | ||
| 610 | 2 | 0 | |a offshore |
| 610 | 2 | 0 | |a Slovensko |
| 610 | 2 | 0 | |a raje daňové |
| 610 | 2 | 0 | |a legislatíva |
| 610 | 2 | 0 | |a štruktúra podniku organizačná |
| 610 | 2 | 0 | |a vzťahy vlastnícke |
| 100 | 1 | |a Krištofík, Peter | |
| 700 | 1 | |a Ištok, Michal | |
| 700 | 1 | |a Nedelová, Gabriela | |